[Event "EST-ch U18"]
[Site "Tallinn"]
[Date "2015.03.19"]
[Round "1"]
[White "Matvejev, Nikolai"]
[Black "Haavamae, Henrik"]
[Result "0-1"]
[WhiteElo "1652"]
[BlackElo "2055"]
[PlyCount "76"]
[EventDate "2015.03.19"]
[EventType "swiss"]
[EventRounds "7"]
[EventCountry "EST"]
[SourceTitle "EXT 2016"]
[Source "ChessBase"]
[SourceDate "2015.10.08"]
[SourceVersion "1"]
[SourceVersionDate "2015.10.08"]
[SourceQuality "1"]

1. e4 c5 2. c3 Nf6 3. e5 Nd5 4. d4 cxd4 5. cxd4 d6 6. exd6 e6 7. Nc3 Nxc3 8. bxc3 Bxd6 9. Nf3 0-0 10. Bd3 Nd7 11. Bg5 Qc7 12. Qc2 h6 13. Be3 b6 14. h3 Bb7 15. Rc1 Rac8 16. Qd2 f5 17. Bxh6 gxh6 18. Qxh6 Nf6 19. Ng5 Rce8 20. 0-0 Qg7 21. Qxg7+ Kxg7 22. f4 Nh5 23. Rce1 Nxf4 24. Bb5 Re7 25. g3 Nxh3+ 26. Nxh3 Bxg3 27. Re3 f4 28. Re5 Kh6 29. Rg5 Rg7 30. Rxg7 Kxg7 31. Bd7 Rf6 32. Ng5 Bd5 33. a3 f3 34. Nxe6+ Kh6 35. Rf2 Bxf2+ 36. Kxf2 Bxe6 37. Bxe6 Rxe6 38. Kxf3 Rc6 0-1

[Event "EST-ch sf"]
[Site "Tallinn"]
[Date "2015.03.06"]
[Round "3"]
[White "Krupenski, Juri"]
[Black "Matvejev, Nikolai"]
[Result "1-0"]
[WhiteElo "2259"]
[BlackElo "1600"]
[PlyCount "87"]
[EventDate "2015.03.05"]
[EventType "swiss"]
[EventRounds "7"]
[EventCountry "EST"]
[SourceTitle "CBM 165 Extra"]
[Source "ChessBase"]
[SourceDate "2015.04.21"]
[SourceVersion "1"]
[SourceVersionDate "2015.04.21"]
[SourceQuality "1"]

1. d4 Nf6 2. c4 e6 3. Nc3 Bb4 4. e3 0-0 5. Nge2 c5 6. a3 cxd4 7. exd4 Bxc3+ 8. Nxc3 d5 9. Be2 dxc4 10. Bxc4 Nc6 11. Be3 Ne7 12. 0-0 h6 13. Qf3 Ned5 14. Rac1 b6 15. Qg3 Kh8 16. Bd3 a6 17. Rfe1 Bb7 18. Qh4 Nxe3 19. fxe3 Nd5 20. Qe4 g6 21. Nxd5 Qxd5 22. Qxd5 Bxd5 23. e4 Bb7 24. Rc7 Rab8 25. Kf2 Kg8 26. Ke3 b5 27. Rec1 Rfd8 28. Re7 Re8 29. Rxe8+ Rxe8 30. Rc7 Rb8 31. Kf4 Kg7 32. Ke5 g5 33. g4 Bc8 34. b4 Ra8 35. h3 Rb8 36. Kd6 Kf8 37. Ra7 Rb7 38. Rxb7 Bxb7 39. Kc7 Ba8 40. Kb6 Ke7 41. Kxa6 Bc6 42. Kb6 Kd6 43. d5 exd5 44. e5+ 1-0